Verificación y fiscalización AFIP - DGI (Registro nro. 1875)

Detalles MARC
000 -LEADER
fixed length control field 02075 a2200229 4500
001 - CONTROL NUMBER
control field 29450
005 - DATE AND TIME OF LATEST TRANSACTION
control field 20260407155604.0
008 - FIXED-LENGTH DATA ELEMENTS--GENERAL INFORMATION
fixed length control field 260407a1998 arg spa d
003 - CONTROL NUMBER IDENTIFIER
control field AR-UNSa-BCEJYS
040 ## - CATALOGING SOURCE
Original cataloging agency AR-UNSa-BCEJYS
Language of cataloging spa
Transcribing agency AR-UNSa-BCEJYS
080 ## - UNIVERSAL DECIMAL CLASSIFICATION NUMBER
Universal Decimal Classification number 336.225
Common auxiliary subdivision Método de tributación y administración de impuestos
041 ## - LANGUAGE CODE
Language code of text/sound track or separate title spa
100 1# - MAIN ENTRY--PERSONAL NAME
Personal name Gómez, Teresa
245 10 - TITLE STATEMENT
Title Verificación y fiscalización AFIP - DGI
250 ## - EDITION STATEMENT
Edition statement 2a. ed.
264 #1 - PRODUCTION, PUBLICATION, DISTRIBUTION, MANUFACTURE, AND COPYRIGHT NOTICE
Place of production, publication, distribution, manufacture Buenos Aires :
Name of producer, publisher, distributor, manufacturer Ediciones Nueva Técnica
Date of production, publication, distribution, manufacture, or copyright notice 1998
300 ## - PHYSICAL DESCRIPTION
Extent 158 p.
Dimensions 28 cm.
505 ## - FORMATTED CONTENTS NOTE
Formatted contents note Modulo I: Verificación y fiscalización: 1. Actividades de verificación y fiscalización - 2. Deberes de carácter general - 3. Facultades discrecionales - 4. Funciones discrecionales de la Dirección.Enumeración - 5. Secreto fiscal - 6. Control jurisdiccional - 7. Requisitos para la transferencia de bienes - 8. Facultades de la D.G.I en materias de franquicias tributarias - 9. Obligaciones de información y colaboración - 10. Cargas públicas - 11. Regímenes de promoción. Facultades de la D.G.I. - 12. Del acto administrativo y de las actas de la admnistración fiscal - Modulo II: Bloqueo fiscal: 1. Régimen de fiscalización para determinados contribuyentes - 2. Montos fijados por ley - 3. Concepto ingresos y patrimonio - 4. Impuesto sobre los cuales se aplica - 5. Su aplicación a los agentes de retención o percepción - 6. Límites en el accionar de la fiscalización - 7. Cuando procede el bloqueo fiscal - 8. Cosecuencias de los ajustes practicados - 9. Determinación de ajustes practicados sobre base cierta o presunta - 10. Compendio de normas sobre el bloqueo fiscal - Modulo III: Amnistía fiscal: 1. Concepto - 2. Regímenes de amnistía en el derecho tributario - 3. La presentación espontanéa en la Ley Nº 11683 (t.o en 1978) - 4. Régimen especial de facilidades de pago. Decreto 938/97.Resolución General 27/97(AFIP) - 5. Régimen de presentación espontanéa. Decreto 935/97
590 ## - LOCAL NOTE (RLIN)
Local note niveau_biblio:m niveau_hierar:0
700 1# - ADDED ENTRY--PERSONAL NAME
Personal name Folco, Carlos Maria
942 ## - ADDED ENTRY ELEMENTS (KOHA)
Koha item type
Existencias
Withdrawn status Lost status Damaged status Not for loan Home library Current library Shelving location Date acquired Total checkouts Full call number Barcode Date last seen Price effective from Koha item type
        Biblioteca Prof. Eusebio Cleto del Rey Biblioteca Prof. Eusebio Cleto del Rey   07/04/2026   336.225 C392c v.7 2ed. L85074 07/04/2026 07/04/2026 Libro
        Biblioteca Prof. Eusebio Cleto del Rey Biblioteca Prof. Eusebio Cleto del Rey   07/04/2026   336.225 C392c v.7 2ed. L85073 07/04/2026 07/04/2026 Libro